000256638 001__ 256638
000256638 005__ 20260303173144.0
000256638 0247_ $$aG:(GEPRIS)394432673$$d394432673
000256638 035__ $$aG:(GEPRIS)394432673
000256638 040__ $$aGEPRIS$$chttp://gepris.its.kfa-juelich.de
000256638 150__ $$aZell-Zell Interaktionen regulieren die Organogenese (B06)$$y2018 -
000256638 371__ $$aProfessor Dr. Erez Raz
000256638 371__ $$aDr. Katsiaryna Tarbashevich
000256638 450__ $$aSFB 1348 B06$$wd$$y2018 -
000256638 5101_ $$0I:(DE-588b)2007744-0$$aDeutsche Forschungsgemeinschaft$$bDFG
000256638 550__ $$0G:(GEPRIS)386797833$$aSFB 1348: Dynamische zelluläre Grenzflächen: Bildung und Funktion$$wt
000256638 680__ $$aAm Beispiel der primordialen Keimzellen (PGCs) des Zebrafisches untersuchen wir die zellulären Mechanismen, die es wandernden Zellen ermöglichen, physische und zelluläre Signale wahrzunehmen und auf diese zu reagieren, um eine korrekte Positionierung während der Organogenese sicherzustellen. Zu diesem Zweck entwickeln wir Ansätze zur Ermittlung morphologischer Merkmale und zur Analyse der dynamischen Lokalisierung von intrazellulären Organellen und Molekülen. Wir untersuchen, wie sich diese Parameter bei Interaktionen mit verschiedenen Strukturen verändern, denen die wandernden PGCs begegnen.
000256638 909CO $$ooai:juser.fz-juelich.de:923241$$pauthority$$pauthority:GRANT
000256638 909CO $$ooai:juser.fz-juelich.de:923241
000256638 980__ $$aG
000256638 980__ $$aAUTHORITY